000 00516nam a2200181Ia 4500
001 18933
005 20260306171706.0
008 260306s9999||||xx |||||||||||||| ||und||
041 _aESP
082 _a658.562
_bI28B
100 _aInstituto Colombiano de Normas Técnicas y Certificación
_eAUT
245 0 _aNormas fundamentales sobre gestión de la calidad y documentos de orientación para su aplicación
260 _c2009
300 _a
_c
650 _aGEN
654 _aCAN
942 _cLIB
_dJUS
_fJUS
_2ddc
_n
999 _c18933
_d18933